| 000 | 00710nmm a2200265 a 4500 | ||
|---|---|---|---|
| 003 | AR-BaBNM | ||
| 005 | 20251128211348.0 | ||
| 008 | 234020s1999 ||||||||||||||000 | spa|| | ||
| 020 | _a987-9023-00-5 | ||
| 040 | _cAR-BaBNM | ||
| 245 | 1 | 0 | _aArgentina y el universo |
| 260 |
_aSantiago _bBibliográfica Internacional _c1999 |
||
| 300 |
_a91 p. _bmapas, il. |
||
| 650 | 4 | _aGEOGRAFIA FISICA | |
| 650 | 4 | _aMAPAS | |
| 650 | 4 | _aASTRONOMIA | |
| 650 | 4 | _aGEOGRAFIA ECONOMICA | |
| 651 | 4 | _aArgentina | |
| 655 | _aREFERENCIA | ||
| 700 | 1 |
_aRivero, Antonio _ecoordinador |
|
| 700 | 1 |
_aMuñoz, Jorge _ecoordinador |
|
| 700 | 1 |
_aPla Olivares, Felipe Francisco _ecoordinador |
|
| 942 | _cBK | ||
| 998 | _cMariana | ||
| 999 |
_c19339 _d19339 |
||